| 000 | 01327nam a2200325 i 4500 | ||
|---|---|---|---|
| 003 | EG-GICUC | ||
| 005 | 20260314095036.0 | ||
| 008 | 251118b1971 ua ||||f |||| 00| 0 ara d | ||
| 040 |
_a EG-GICUC _c EG-GICUC _d EG-GICUC _erda _bara |
||
| 041 | _aara | ||
| 082 | 0 | 4 |
_221 _a345.250531 _bم ص . م |
| 092 | 0 | 4 | _221 |
| 099 | _aLaw1 07 345.250531 م ص . م 1971 | ||
| 100 | 0 |
_aمصطفى أحمد فهمي _eمؤلف. |
|
| 245 |
_aالمجالس المحلية بالمملكة العربية السعودية / _cدكتور مصطفى أحمد فهمي. |
||
| 264 |
_aالقاهرة : _bجامعة الدول العربية-المنظمة العربية للعلوم الإدارية، مركز البحوث الإدارية، _c1971. |
||
| 300 |
_a154 صفحة ؛ _c24 سم. |
||
| 336 |
_2rda content _atext |
||
| 337 |
_2rda media _aComputer |
||
| 338 |
_2rda carrier _aOnline Resource |
||
| 490 | _v73 | ||
| 500 | _aيتضمن قائمة تصويب الأخطاء. | ||
| 546 | _aالنص باللغة العربية | ||
| 650 | 1 |
_aالحكم المحلي _2qrmak |
|
| 650 | 1 |
_2qrmak _aالقانون الإداري |
|
| 650 | 1 |
_2qrmak _aالإدارة المحلية _zالسعودية |
|
| 856 | 4 | 0 | _uhttps://fll.law.cu.edu.eg/fulltext/bks/B07-00185.pdf |
| 905 |
_aWesam Mahmoud _eYara |
||
| 942 |
_2ddc _n0 _cBK _e21 |
||
| 999 |
_c44412 _d44412 |
||